Na zdravie a na Slovensko!

Podľa WHO Slováci výrazne zaostávajú za odporúčanou spotrebou mlieka a mliečnych výrobkov. Mlieko v nákupoch domácností. 45 podnikov sa dostalo za posledné 2 roky do hlbokých strát a skončilo s chovom.

Salvato in:
Dettagli Bibliografici
Autore principale: Mikulcová, Katarína
Natura: Capitolo di libro
Lingua:slovacco
Soggetti:
Tags: Aggiungi Tag
Nessun Tag, puoi essere il primo ad aggiungerne!!

MARC

LEADER 00000naa a2200000 4500
001 0235922
005 20170920093613.9
041 0 |a slo 
044 |a SK 
245 1 0 |a Na zdravie a na Slovensko!  |c Katarína Mikulcová 
520 |a Podľa WHO Slováci výrazne zaostávajú za odporúčanou spotrebou mlieka a mliečnych výrobkov. Mlieko v nákupoch domácností. 45 podnikov sa dostalo za posledné 2 roky do hlbokých strát a skončilo s chovom. 
610 2 0 |a mlieko 
610 2 0 |a spotreba domácností 
610 2 0 |a spotreba potravín 
610 2 0 |a Slovensko 
100 1 |a Mikulcová, Katarína